000
00220nam a22000857a 4500
008
170109b xxu||||| |||| 00| 0 eng d
100
_9
2286
_a
Chhabra.T.N.etal.
245
_a
Business Studies-XII
260
_a
New delhi
_b
APC
_c
2011
999
_c
5183
_d
5183